| Tag |
First Indicator |
Second Indicator |
Subfields |
| LEADER |
00000pam a2200000 a 4500 |
| 001 |
in00000089780 |
| 005 |
20151008063509.0 |
| 008 |
810604s1981 mduc b 00110 eng |
| 010 |
|
|
|a 81047604
|
| 020 |
|
|
|a 0801823803
|
| 035 |
|
|
|a (OCoLC)07575656
|
| 035 |
|
|
|9 AAK2358AM
|
| 039 |
0 |
|
|a 2
|b 3
|c 3
|d 3
|e 3
|
| 040 |
|
|
|a DLC
|c DLC
|d TXA
|d UtOrBLW
|
| 041 |
1 |
|
|a eng
|a ger
|
| 049 |
|
|
|a TXAM
|c [1442370]
|
| 050 |
0 |
0 |
|a QP353
|b .N4813
|
| 060 |
|
0 |
|a WL 11.1 N478h
|
| 082 |
0 |
|
|a 599.01/88/09
|2 19
|
| 100 |
1 |
|
|a Neuburger, Max,
|d 1868-1955.
|
| 240 |
1 |
0 |
|a Historische Entwicklung der experimentellen Gehirn- und Rückenmarksphysiologie vor Flourens.
|l English
|
| 245 |
1 |
4 |
|a The historical development of experimental brain and spinal cord physiology before Flourens /
|c Max Neuburger ; translated and edited with additional material, by Edwin Clarke.
|
| 264 |
|
1 |
|a Baltimore :
|b Johns Hopkins University Press,
|c [1981]
|
| 264 |
|
4 |
|c ©1981
|
| 300 |
|
|
|a xxv, 391 pages :
|b portrait ;
|c 24 cm.
|
| 336 |
|
|
|a text
|b txt
|2 rdacontent
|
| 337 |
|
|
|a unmediated
|b n
|2 rdamedia
|
| 338 |
|
|
|a volume
|b nc
|2 rdacarrier
|
| 500 |
|
|
|a Translation of: Die historische Entwicklung der experimentellen Gehirn- und Ruckenmarksphysiologie vor Flourens.
|
| 500 |
|
|
|a Includes index.
|
| 504 |
|
|
|a Bibliography: pages 375-376.
|
| 650 |
|
0 |
|a Neurophysiology
|x History.
|
| 650 |
|
2 |
|a Neurophysiology
|x history.
|
| 700 |
1 |
|
|a Clarke, Edwin.
|
| 999 |
|
|
|a MARS
|
| 999 |
f |
f |
|s ffcb7c7a-5dbf-39c8-b9ba-8a4535e0ce64
|i 0a60f9c7-4bcd-3893-8d5f-0fa1526263c6
|t 0
|
| 952 |
f |
f |
|p ric
|a Texas A&M University
|b Rellis Campus
|c Joint Library Facility
|d Remote Storage
|t 0
|e QP353 .N4813
|h Library of Congress classification
|i unmediated -- volume
|m A14806224073
|
| 998 |
f |
f |
|a QP353 .N4813
|t 0
|l Remote Storage
|